Loading...
| Ancient History and Archaeology | 1 | 20.00 | 100% | 100% | 0% |
| Beliefs | 4 | 15.00 | 100% | 50% | 0% |
| Fine Arts - Auditory Fine Arts | 1 | 10.00 | 100% | 0% | 0% |
| Fine Arts - Visual Fine Arts | 2 | 15.00 | 100% | 50% | 0% |
| History - American History | 2 | 15.00 | 100% | 50% | 0% |
| History - European History | 2 | 10.00 | 100% | 0% | 0% |
| History - World History | 1 | 10.00 | 100% | 0% | 0% |
| Literature - American Literature | 2 | 20.00 | 100% | 100% | 0% |
| Literature - British Literature | 2 | 10.00 | 50% | 50% | 0% |
| Literature - European Literature | 2 | 25.00 | 100% | 100% | 50% |
| Other Academic | 2 | 15.00 | 50% | 100% | 0% |
| Other Arts: Visual | 2 | 10.00 | 100% | 0% | 0% |
| Other Science: Astronomy | 1 | 20.00 | 100% | 100% | 0% |
| Other Science: Earth Science | 1 | 10.00 | 0% | 100% | 0% |
| Philosophy | 2 | 20.00 | 100% | 100% | 0% |
| Science - Biology | 1 | 10.00 | 100% | 0% | 0% |
| Science - Chemistry | 1 | 20.00 | 100% | 100% | 0% |
| Science - Physics | 2 | 15.00 | 100% | 50% | 0% |
| World and Other Literature | 2 | 15.00 | 100% | 50% | 0% |